Merseyrail Stations - Statistics

General Stats
  • This quiz has been taken 42 times
    40 since last reset
  • The average score is 49 of 68
Answer Stats
Station % Correct
Liverpool Central
95%
Birkenhead Park
90%
Liverpool James Street
90%
New Brighton
90%
Birkenhead Central
86%
Birkenhead Hamilton Square
86%
Birkenhead North
86%
Chester
86%
Kirkby
86%
Liverpool Lime Street
86%
Moorfields
86%
West Kirby
86%
Bidston
81%
Ellesmere Port
81%
Green Lane
81%
Hooton
81%
Ormskirk
81%
Port Sunlight
81%
Rock Ferry
81%
Southport
81%
Bache
76%
Eastham Rake
76%
Hoylake
76%
Hunts Cross
76%
Little Sutton
76%
Liverpool South Parkway
76%
Overpool
76%
Sandhills
76%
Aigburth
71%
Ainsdale
71%
Aintree
71%
Bebington
71%
Bootle New Strand
71%
Capenhurst
71%
Conway
71%
Maghull
71%
Maghull North
71%
Rice Lane
71%
Wallasey Grove Road
71%
Wallasey Village
71%
Bank Hall
67%
Bromborough
67%
Bromborough Rake
67%
Cressington
67%
Fazakerley
67%
Formby
67%
Kirkdale
67%
Old Roan
67%
Spital
67%
St Michaels
67%
Walton
67%
Waterloo
67%
Birkdale
62%
Blundellsands & Crosby
62%
Bootle Oriel Road
62%
Brunswick
62%
Freshfield
62%
Hall Road
62%
Leasowe
62%
Meols
62%
Moreton
62%
Seaforth & Litherland
62%
Hightown
57%
Manor Road
57%
Orrell Park
57%
Town Green
57%
Aughton Park
52%
Hillside
52%
No matching quizzes found
Score Distribution
Percent of People with Each Score
Percentile by Number Answered
Your Score History
You have not taken this quiz since the last reset